| 000 | 00617nam a2200169 i 4500 | ||
|---|---|---|---|
| 001 | 83137 | ||
| 003 | ES-MaACL | ||
| 005 | 20230906174802.0 | ||
| 007 | t| | ||
| 008 | 180606s1878 sp ||||1| spa d | ||
| 245 | 0 | 0 |
_aManufactura de tejidos metálicos, artículos de tela metálica y cedacería de Francisco Rieère _b: fabricación de sedas para cerner harinas. |
| 260 |
_aMadrid : _bFrancisco Rivière, _c1878. |
||
| 300 |
_a23 p. : _bil. ; _c30 cm. |
||
| 610 | 2 | 4 |
_aFrancisco Rivière (Firma)- _vCatálogos. _9164909 |
| 650 | 4 |
_aTelas metálicas- _vCatálogos comerciales. _9164910 |
|
| 852 |
_aES-MaACL _jT-502-F-15 |
||
| 999 |
_c83137 _d83137 |
||